header

Difference makers (Record no. 6042)

MARC details
000 -LEADER
fixed length control field 01298nam a2200325Ia 4500
001 - CONTROL NUMBER
control field ebr10698755
003 - CONTROL NUMBER IDENTIFIER
control field CaPaEBR
006 - FIXED-LENGTH DATA ELEMENTS--ADDITIONAL MATERIAL CHARACTERISTICS--GENERAL INFORMATION
fixed length control field m o u
007 - PHYSICAL DESCRIPTION FIXED FIELD--GENERAL INFORMATION
fixed length control field cr cn|||||||||
008 - FIXED-LENGTH DATA ELEMENTS--GENERAL INFORMATION
fixed length control field 050621s2005 si a s 000 0 eng d
010 ## - LIBRARY OF CONGRESS CONTROL NUMBER
Canceled/invalid LC control number 2005049433
020 ## - INTERNATIONAL STANDARD BOOK NUMBER
Cancelled/invalid ISBN 9789812564535
Cancelled/invalid ISBN 9789812775085
Cancelled/invalid ISBN 9812564535 (pbk. : alk. paper)
040 ## - CATALOGING SOURCE
Original cataloging agency CaPaEBR
Transcribing agency CaPaEBR
035 ## - SYSTEM CONTROL NUMBER
System control number (OCoLC)665046273
050 14 - LIBRARY OF CONGRESS CALL NUMBER
Classification number HN17.5
Item number .L65 2005eb
082 04 - DEWEY DECIMAL CLASSIFICATION NUMBER
Classification number 303.48/4/09049
Edition number 22
100 1# - MAIN ENTRY--PERSONAL NAME
Personal name Long, Susan,
Dates associated with a name 1972-
245 10 - TITLE STATEMENT
Title Difference makers
Medium [electronic resource] :
Remainder of title stories of those who dared : a collection of interview columns /
Statement of responsibility, etc by Susan Long.
260 ## - PUBLICATION, DISTRIBUTION, ETC. (IMPRINT)
Place of publication, distribution, etc Singapore ;
-- Hackensack, N.J. :
Name of publisher, distributor, etc DL Pub./World Scientific,
Date of publication, distribution, etc c2005.
300 ## - PHYSICAL DESCRIPTION
Extent xii, 184 p. :
Other physical details ill.
533 ## - REPRODUCTION NOTE
Type of reproduction Electronic reproduction.
Place of reproduction Palo Alto, Calif. :
Agency responsible for reproduction ebrary,
Date of reproduction 2013.
Note about reproduction Available via World Wide Web.
-- Access may be limited to ebrary affiliated libraries.
650 #0 - SUBJECT ADDED ENTRY--TOPICAL TERM
Topical term or geographic name as entry element Social action
Form subdivision Case studies.
Topical term or geographic name as entry element Social reformers
Form subdivision Case studies.
Topical term or geographic name as entry element Risk-taking (Psychology)
Form subdivision Case studies.
655 #7 - INDEX TERM--GENRE/FORM
Genre/form data or focus term Electronic books.
Source of term local
710 2# - ADDED ENTRY--CORPORATE NAME
Corporate name or jurisdiction name as entry element ebrary, Inc.
856 40 - ELECTRONIC LOCATION AND ACCESS
Uniform Resource Identifier <a href="http://site.ebrary.com/lib/rucke/Doc?id=10698755">http://site.ebrary.com/lib/rucke/Doc?id=10698755</a>
Public note An electronic book accessible through the World Wide Web; click to view

No items available.

© 2026 Rongo University
Contact us: librarian | system librarian | Rongo university